00616nam a2200157Ia 4500008004100000020001800041082002100059245013000080260003200210300001100242500005100253650004300304700004500347700003200392700003400424120622s9999 xx 000 0 und d a968-18-5006-8 aC 972 A881h 1985 aAtlas de historia de México c / Guillermina González de Lemoine, Lilia Romo Medrano, Elvira López Machorro... [et al.] aMéxicob : Limusac, 1985 a150 p. a3a reimp. 1999 \ Incluye bibliografía p. 147 aMÉXICOxGEOGRAFÍA HISTORICAyMAPAS aGONZALEZ de Lemoine, Guillermina, autor  aROMO Medrano, Lilia, autor  aLOPEZ Machorro, Elvira, autor